[Event "Women's Speed Chess GP4"]
[Site "chess.com INT"]
[Date "2020.07.15"]
[Round "1.8"]
[White "Abrahamyan, Tatev"]
[Black "Harika, Dronavalli"]
[Result "0-1"]
[WhiteTitle "WGM"]
[BlackTitle "GM"]
[WhiteElo "2358"]
[BlackElo "2515"]
[WhiteFideId "13301918"]
[BlackFideId "5015197"]
[EventDate "2020.07.15"]
[EventType "k.o. blitz"]

1. e4 g6 2. d4 Bg7 3. Nf3 c6 4. Be2 d6 5. O-O Nf6 6. Nc3 O-O 7. a4 Nbd7 8. Re1
Qc7 9. a5 e5 10. dxe5 Nxe5 11. Nd4 Re8 12. h3 Rb8 13. f4 Ned7 14. Bf3 Nc5 15. b4
Ne6 16. Be3 Nxd4 17. Bxd4 b6 18. axb6 axb6 19. e5 Nd7 20. b5 dxe5 21. bxc6 Nf8
22. Nb5 Qe7 23. Bxe5 Qc5+ 24. Qd4 Bxe5 25. Rxe5 Rxe5 26. fxe5 Qxb5 27. c7 Rb7
28. Bxb7 Bxb7 29. Qd6 Qe2 0-1

[Event "Women's Speed Chess GP4"]
[Site "chess.com INT"]
[Date "2020.07.15"]
[Round "1.9"]
[White "Harika, Dronavalli"]
[Black "Abrahamyan, Tatev"]
[Result "0-1"]
[WhiteTitle "GM"]
[BlackTitle "WGM"]
[WhiteElo "2515"]
[BlackElo "2358"]
[WhiteFideId "5015197"]
[BlackFideId "13301918"]
[EventDate "2020.07.15"]
[EventType "k.o. blitz"]

1. c4 Nf6 2. g3 e6 3. Bg2 d5 4. Nf3 Be7 5. O-O O-O 6. d4 dxc4 7. Ne5 Nc6 8. Nxc6
bxc6 9. Na3 Rb8 10. Nxc4 Nd5 11. e4 Nb6 12. Ne5 Bb7 13. Bf4 c5 14. dxc5 Bxc5 15.
Rc1 Bd6 16. Nd3 Ba6 17. Re1 Bxf4 18. Nxf4 Nc4 19. Qxd8 Rfxd8 20. Bf1 Nd2 21.
Bxa6 Nf3+ 22. Kg2 Nxe1+ 23. Rxe1 Rxb2 24. Re2 Rdd2 25. Rxd2 Rxd2 26. Bc4 h6 27.
Kf3 Kf8 28. Ke3 Rb2 29. h4 Ke7 30. Nd3 Rc2 31. Bb3 Rc6 32. e5 Rb6 33. f4 Rb8 34.
Kd4 Rd8+ 35. Ke4 Rc8 36. Kd4 Rd8+ 37. Ke4 Rc8 38. Nc5 Rd8 39. h5 Rd2 40. Nd3 Rg2
41. Kf3 Rd2 42. Nb4 c5 43. Nc6+ Kd7 44. Na5 Kc7 45. Nc4 Rd3+ 46. Kf2 Kc6 47. Nd6
f6 48. Bxe6 fxe5 49. fxe5 Rd2+ 50. Kf3 Rd3+ 51. Kf4 Rd4+ 52. Ke3 Rd1 53. Bb3
Re1+ 54. Kf4 a5 55. Kf5 Rg1 56. e6 Kxd6 57. g4 Ke7 58. Kg6 Rxg4+ 59. Kf5 Rg5+
60. Ke4 Rxh5 61. Bc4 Rg5 62. Kd3 h5 63. Kc3 h4 64. Be2 h3 65. Bf3 Rg3 66. Kc4
Rxf3 67. Kxc5 h2 68. Kb5 h1=Q 69. Kxa5 Qc1 70. a4 Rc3 71. Kb4 Rc2 72. a5 Rb2+
73. Ka3 Qa1# 0-1

[Event "Women's Speed Chess GP4"]
[Site "chess.com INT"]
[Date "2020.07.15"]
[Round "1.10"]
[White "Abrahamyan, Tatev"]
[Black "Harika, Dronavalli"]
[Result "1/2-1/2"]
[WhiteTitle "WGM"]
[BlackTitle "GM"]
[WhiteElo "2358"]
[BlackElo "2515"]
[WhiteFideId "13301918"]
[BlackFideId "5015197"]
[EventDate "2020.07.15"]
[EventType "k.o. blitz"]

1. e4 g6 2. d4 Bg7 3. Nc3 c6 4. Nf3 d6 5. Be2 Nf6 6. O-O O-O 7. a4 Qc7 8. Re1 e5
9. h3 Nbd7 10. Bf1 Re8 11. a5 Rb8 12. Be3 exd4 13. Bxd4 b6 14. axb6 axb6 15. Qd2
Ne5 16. Nxe5 dxe5 17. Be3 Be6 18. Bg5 Nd7 19. Red1 Nc5 20. b4 Nd7 21. Qd6 Qxd6
22. Rxd6 Bf8 23. Rxc6 Bxb4 24. Nd5 Bc5 25. Ra7 Rbc8 26. Bb5 Nb8 27. Nf6+ Kh8 28.
Nxe8 Nxc6 29. Bxc6 Rxc6 30. Ra8 Rc8 31. Rxc8 Bxc8 32. Bf6+ Kg8 33. Bxe5 Bb7 34.
Kf1 h5 35. f3 Ba6+ 36. Ke1 Kf8 37. Nf6 Ke7 38. Nd5+ Ke6 39. Bc7 b5 40. Kd2 Bb7
41. Nf4+ Kd7 42. Be5 Bf2 43. Nd3 Bb6 44. Bb2 Ba5+ 45. Bc3 Bb6 46. Bb4 Bg1 47.
Bc5 Bh2 48. Ke3 Bc7 49. f4 f5 50. exf5 gxf5 51. g3 Be4 52. h4 Ke6 53. Bd4 Kd5
54. Be5 Bb6+ 55. Kd2 Bc5 56. Nxc5 Kxc5 57. c3 Kc4 58. Ke3 Kd5 59. Bd4 Kc4 60.
Bf6 Kd5 61. Kd2 Kc4 62. Ke3 Kd5 63. Kd2 Kc4 64. Ke3 1/2-1/2

[Event "Women's Speed Chess GP4"]
[Site "chess.com INT"]
[Date "2020.07.15"]
[Round "1.11"]
[White "Harika, Dronavalli"]
[Black "Abrahamyan, Tatev"]
[Result "0-1"]
[WhiteTitle "GM"]
[BlackTitle "WGM"]
[WhiteElo "2515"]
[BlackElo "2358"]
[WhiteFideId "5015197"]
[BlackFideId "13301918"]
[EventDate "2020.07.15"]
[EventType "k.o. blitz"]

1. c4 Nf6 2. g3 e6 3. Bg2 d5 4. Nf3 Be7 5. O-O dxc4 6. Qa4+ Nbd7 7. Qxc4 c5 8.
d3 O-O 9. Qb3 Nb8 10. Nc3 Nc6 11. Bf4 Nd5 12. Nxd5 exd5 13. Rac1 b6 14. e4 dxe4
15. dxe4 Be6 16. Qa4 Nb4 17. Rfd1 Qc8 18. a3 Nc6 19. Be3 Qb7 20. Ng5 Bxg5 21.
Bxg5 Nd4 22. Rd3 Ne2+ 23. Kh1 Nxc1 24. Bxc1 Rfd8 25. Qd1 Rxd3 26. Qxd3 Qd7 27.
Qc2 Rd8 28. Bf3 Qd3 29. Qxd3 Rxd3 30. Kg2 h5 31. h4 Bg4 32. Bxg4 hxg4 33. e5 Kf8
34. Bg5 Rb3 35. Bc1 Ke7 36. h5 Ke6 37. h6 gxh6 38. Bxh6 Rxb2 39. Bg5 Rb3 40. Bd8
Rxa3 41. Bc7 c4 42. Bd6 Ra2 43. Bb4 a5 44. Bc3 b5 45. Kf1 b4 46. Bd4 c3 47. Ke1
Ra1+ 48. Ke2 c2 49. Be3 c1=Q 50. Bxc1 Rxc1 51. Kd3 Rc3+ 52. Kd2 a4 53. f4 a3 54.
f5+ Kxf5 55. e6 Kxe6 56. Ke2 a2 57. Kd2 a1=Q 58. Ke2 Qb2+ 59. Kd1 Rc1# 0-1

[Event "Women's Speed Chess GP4"]
[Site "chess.com INT"]
[Date "2020.07.15"]
[Round "1.1"]
[White "Khademalsharieh, Sarasadat"]
[Black "Krush, Irina"]
[Result "1-0"]
[WhiteTitle "IM"]
[BlackTitle "GM"]
[WhiteElo "2494"]
[BlackElo "2429"]
[WhiteFideId "12512214"]
[BlackFideId "2012782"]
[EventDate "2020.07.15"]
[EventType "k.o. blitz"]

1. d4 d5 2. Nf3 Nf6 3. c4 dxc4 4. e3 e6 5. Bxc4 c5 6. O-O Nc6 7. Nc3 a6 8. Qe2
b5 9. Bb3 Bb7 10. Rd1 Be7 11. d5 exd5 12. Nxd5 Nxd5 13. Bxd5 Qb6 14. e4 O-O 15.
Be3 Rad8 16. Rac1 Nb4 17. Bxb7 Qxb7 18. a3 Rxd1+ 19. Rxd1 Nc6 20. e5 Rd8 21.
Rxd8+ Nxd8 22. Qd2 Ne6 23. h3 h6 24. Ne1 c4 25. f4 Qe4 26. Nf3 a5 27. Kf2 b4 28.
axb4 axb4 29. Qd7 Bf8 30. Nd2 Qc2 31. Qd5 c3 32. bxc3 bxc3 33. Qb3 Qd3 34. Qc4
Qc2 35. Qb3 Qb2 36. Qxb2 cxb2 37. Ke2 Bc5 38. Bxc5 Nxc5 39. Nb1 Kf8 40. Kd2 Ke7
41. Kc2 Ke6 42. Kxb2 Kf5 43. Kc3 Kxf4 44. Kd4 Ne6+ 45. Kd5 Nc7+ 46. Kd6 Nb5+ 47.
Ke7 Kxe5 48. Kxf7 g5 49. Kg6 Kf4 50. Kxh6 Nd4 51. Kh5 Nf5 52. Nc3 Ne3 53. Ne2+
Kf5 54. g4+ Kf6 55. Ng3 Nd5 56. Ne4+ Ke5 57. Nxg5 Nf4+ 58. Kh6 1-0

[Event "Women's Speed Chess GP4"]
[Site "chess.com INT"]
[Date "2020.07.15"]
[Round "1.2"]
[White "Krush, Irina"]
[Black "Khademalsharieh, Sarasadat"]
[Result "0-1"]
[WhiteTitle "GM"]
[BlackTitle "IM"]
[WhiteElo "2429"]
[BlackElo "2494"]
[WhiteFideId "2012782"]
[BlackFideId "12512214"]
[EventDate "2020.07.15"]
[EventType "k.o. blitz"]

1. d4 Nf6 2. c4 e6 3. Nc3 Bb4 4. Qb3 c5 5. dxc5 Na6 6. a3 Bxc3+ 7. Qxc3 Nxc5 8.
b4 Nce4 9. Qb2 d5 10. c5 Nh5 11. g3 O-O 12. f3 Nef6 13. Qe5 a5 14. Bb2 axb4 15.
axb4 Rxa1+ 16. Bxa1 b6 17. c6 Qe7 18. Bc3 d4 19. Bxd4 Nd5 20. Kf2 Qxb4 21. e3
Nhf6 22. Ne2 Ba6 23. g4 Ne7 24. Qc7 Nfd5 25. Qe5 Nf6 26. Qc7 Ned5 27. Qe5 Rc8
28. g5 Ne8 29. Nf4 Qd2+ 30. Kg3 Bxf1 31. Rxf1 Ne7 32. Ra1 Nxc6 33. Qe4 Nxd4 34.
exd4 Nd6 0-1

[Event "Women's Speed Chess GP4"]
[Site "chess.com INT"]
[Date "2020.07.15"]
[Round "1.3"]
[White "Khademalsharieh, Sarasadat"]
[Black "Krush, Irina"]
[Result "0-1"]
[WhiteTitle "IM"]
[BlackTitle "GM"]
[WhiteElo "2494"]
[BlackElo "2429"]
[WhiteFideId "12512214"]
[BlackFideId "2012782"]
[EventDate "2020.07.15"]
[EventType "k.o. blitz"]

1. Nf3 d5 2. e3 Nf6 3. b3 Bf5 4. Bb2 e6 5. c4 c6 6. Nc3 Nbd7 7. Be2 Bd6 8. O-O
O-O 9. d4 Ne4 10. Rc1 Qe7 11. c5 Bc7 12. b4 a6 13. a4 e5 14. Nxe4 Bxe4 15. Nxe5
Nxe5 16. dxe5 Bxe5 17. Bxe5 Qxe5 18. Qd4 Qg5 19. f3 Bf5 20. Rfe1 Rfe8 21. Bf1
Re6 22. b5 axb5 23. axb5 h5 24. h4 Qg3 25. Ra1 Rae8 26. b6 R6e7 27. Re2 f6 28.
Rae1 Kh7 29. Qf4 Qg6 30. Rd2 Re5 31. Kf2 Qf7 32. Ra1 Qe7 33. Bd3 Bxd3 34. Rxd3
Qxc5 35. Rad1 Qxb6 36. g4 hxg4 37. fxg4 Qb2+ 38. R1d2 Qc1 39. Rd1 Qc5 40. g5
fxg5 41. hxg5 Rf8 42. g6+ Kxg6 43. Rg1+ Kh7 0-1

[Event "Women's Speed Chess GP4"]
[Site "chess.com INT"]
[Date "2020.07.15"]
[Round "1.4"]
[White "Krush, Irina"]
[Black "Khademalsharieh, Sarasadat"]
[Result "1-0"]
[WhiteTitle "GM"]
[BlackTitle "IM"]
[WhiteElo "2429"]
[BlackElo "2494"]
[WhiteFideId "2012782"]
[BlackFideId "12512214"]
[EventDate "2020.07.15"]
[EventType "k.o. blitz"]

1. d4 Nf6 2. c4 e6 3. Nc3 Bb4 4. Qb3 c5 5. dxc5 Nc6 6. Nf3 O-O 7. a3 Bxc5 8. Bg5
Be7 9. Rd1 Na5 10. Qa2 Qc7 11. e3 a6 12. Be2 b6 13. O-O Bb7 14. b4 Nc6 15. Rc1
Rac8 16. Rfd1 Rfd8 17. Qb1 Qb8 18. h3 h6 19. Bh4 d6 20. Rd2 Ne8 21. Bg3 Ne5 22.
Nxe5 dxe5 23. Rcd1 Qa8 24. f3 Bg5 25. Bf2 f5 26. Rxd8 Rxd8 27. e4 Rxd1+ 28. Bxd1
Nd6 29. c5 bxc5 30. bxc5 Ne8 31. exf5 exf5 32. Qxf5 Qd8 33. Bb3+ Kh8 34. Qf8+
Kh7 35. Bg8+ 1-0

[Event "Women's Speed Chess GP4"]
[Site "chess.com INT"]
[Date "2020.07.15"]
[Round "1.5"]
[White "Khademalsharieh, Sarasadat"]
[Black "Krush, Irina"]
[Result "1-0"]
[WhiteTitle "IM"]
[BlackTitle "GM"]
[WhiteElo "2494"]
[BlackElo "2429"]
[WhiteFideId "12512214"]
[BlackFideId "2012782"]
[EventDate "2020.07.15"]
[EventType "k.o. blitz"]

1. d4 d5 2. Nf3 Nf6 3. c4 dxc4 4. e3 e6 5. Bxc4 c5 6. O-O Nc6 7. Nc3 a6 8. Qe2
b5 9. Bb3 Bb7 10. Rd1 Be7 11. d5 exd5 12. Bxd5 Qc7 13. e4 Rd8 14. Bg5 O-O 15. e5
Ng4 16. Qe4 b4 17. Qxg4 Bxg5 18. Nxg5 bxc3 19. e6 cxb2 20. exf7+ Kh8 21. Qf5 g6
22. Qf6# 1-0

[Event "Women's Speed Chess GP4"]
[Site "chess.com INT"]
[Date "2020.07.15"]
[Round "1.6"]
[White "Krush, Irina"]
[Black "Khademalsharieh, Sarasadat"]
[Result "0-1"]
[WhiteTitle "GM"]
[BlackTitle "IM"]
[WhiteElo "2429"]
[BlackElo "2494"]
[WhiteFideId "2012782"]
[BlackFideId "12512214"]
[EventDate "2020.07.15"]
[EventType "k.o. blitz"]

1. d4 Nf6 2. c4 e6 3. Nc3 Bb4 4. Qb3 c5 5. dxc5 Nc6 6. a3 Bxc5 7. Nf3 O-O 8. Bg5
Be7 9. e3 b6 10. Be2 Ba6 11. O-O Rc8 12. Qa2 Na5 13. b3 d5 14. Rfd1 Qe8 15. cxd5
Rxc3 16. Bxa6 Nxb3 17. Rab1 Nc5 18. Bb5 Qc8 19. d6 Bd8 20. Ne5 Nce4 21. Bh4 Rc5
22. Nd3 Nc3 23. Qa1 Rxb5 24. Rbc1 Ne2+ 0-1

[Event "Women's Speed Chess GP4"]
[Site "chess.com INT"]
[Date "2020.07.15"]
[Round "1.7"]
[White "Khademalsharieh, Sarasadat"]
[Black "Krush, Irina"]
[Result "1-0"]
[WhiteTitle "IM"]
[BlackTitle "GM"]
[WhiteElo "2494"]
[BlackElo "2429"]
[WhiteFideId "12512214"]
[BlackFideId "2012782"]
[EventDate "2020.07.15"]
[EventType "k.o. blitz"]

1. d4 d5 2. Nf3 Nf6 3. c4 dxc4 4. e3 e6 5. Bxc4 c5 6. O-O a6 7. Nc3 b5 8. Be2
Bb7 9. dxc5 Qxd1 10. Rxd1 Bxc5 11. Nd2 Nbd7 12. Nb3 Bb6 13. Bd2 O-O 14. Be1 Rfd8
15. Rac1 Rac8 16. Kf1 Kf8 17. a4 b4 18. Nb1 a5 19. N1d2 Bc6 20. Ra1 Bd5 21. Rac1
Nc5 22. Nxc5 Bxc5 23. Bf3 Bxf3 24. gxf3 Be7 25. Ke2 Nd5 26. Nc4 Ra8 27. Bd2 Bf6
28. e4 Nc7 29. Be3 Ne8 30. Bc5+ Be7 31. Rxd8 Rxd8 32. Bxe7+ Kxe7 33. Nxa5 Kf6
34. Nc6 Rc8 35. e5+ Kf5 36. Ne7+ 1-0

[Event "Women's Speed Chess GP4"]
[Site "chess.com INT"]
[Date "2020.07.15"]
[Round "1.8"]
[White "Krush, Irina"]
[Black "Khademalsharieh, Sarasadat"]
[Result "0-1"]
[WhiteTitle "GM"]
[BlackTitle "IM"]
[WhiteElo "2429"]
[BlackElo "2494"]
[WhiteFideId "2012782"]
[BlackFideId "12512214"]
[EventDate "2020.07.15"]
[EventType "k.o. blitz"]

1. d4 Nf6 2. c4 e6 3. Nc3 Bb4 4. Qb3 c5 5. dxc5 Nc6 6. a3 Qa5 7. Bd2 Bxc5 8. e3
Qc7 9. Nf3 O-O 10. Be2 b6 11. O-O Bb7 12. Rac1 Rac8 13. Qa2 Qb8 14. Rfd1 a6 15.
b4 Bd6 16. h3 Rfd8 17. Qb1 Bc7 18. Ng5 h6 19. Nge4 Nxe4 20. Nxe4 d5 21. cxd5
exd5 22. Nc3 d4 23. Ne4 Ne5 24. exd4 Rxd4 25. Ng3 Rcd8 26. Bc3 Rxd1+ 27. Rxd1
Ng6 28. Nf5 Rxd1+ 29. Qxd1 Bh2+ 30. Kh1 Be5 31. Qa1 Qc8 32. Bxe5 Qxf5 33. Bh2
Qxf2 34. Bf1 Nh4 0-1

[Event "Women's Speed Chess GP4"]
[Site "chess.com INT"]
[Date "2020.07.15"]
[Round "1.9"]
[White "Khademalsharieh, Sarasadat"]
[Black "Krush, Irina"]
[Result "1-0"]
[WhiteTitle "IM"]
[BlackTitle "GM"]
[WhiteElo "2494"]
[BlackElo "2429"]
[WhiteFideId "12512214"]
[BlackFideId "2012782"]
[EventDate "2020.07.15"]
[EventType "k.o. blitz"]

1. d4 c5 2. d5 e5 3. e4 d6 4. Bb5+ Nd7 5. a4 Be7 6. Nf3 a6 7. Bd3 b6 8. O-O Ngf6
9. Nbd2 O-O 10. Nc4 Rb8 11. b3 Ne8 12. g3 g6 13. Ne1 Ng7 14. f4 exf4 15. Bxf4
Ne8 16. Nf3 f6 17. Be2 Ne5 18. Nfxe5 fxe5 19. Bh6 Ng7 20. Qd2 Bh3 21. Rxf8+ Qxf8
22. Bf1 Bd7 23. Bg2 b5 24. axb5 axb5 25. Ne3 Ra8 26. Rf1 Qe8 27. Nd1 Ra1 28. h4
Nh5 29. Qf2 Nf6 30. Bf3 b4 31. Ne3 Rxf1+ 32. Qxf1 Bb5 33. Qf2 Qf7 34. Bg5 Nd7
35. Ng4 Bxg5 36. hxg5 Kg7 37. Nh6 Qf8 38. Bg4 Qxf2+ 39. Kxf2 Nb6 40. Be2 Bd7 41.
Ke3 Kf8 42. Bg4 Bb5 43. Be2 Be8 44. Ng4 Nd7 45. Bb5 Kf7 46. Bxd7 Bxd7 47. Nf6
Bc8 48. Nxh7 Ba6 49. Nf6 Bf1 50. Kd2 Ba6 51. c3 Bb5 52. cxb4 cxb4 53. Ke3 Ba6
54. Ng4 Bb5 55. Nf2 Ke7 56. Nd3 Kd7 57. Nxb4 Kc7 58. Nc2 Kb6 59. Kd2 Kc5 60. Kc3
Be2 61. b4+ Kb5 62. Na3+ Ka4 63. Nc4 Bf3 64. Nxd6 1-0

[Event "Women's Speed Chess GP4"]
[Site "chess.com INT"]
[Date "2020.07.15"]
[Round "1.10"]
[White "Krush, Irina"]
[Black "Khademalsharieh, Sarasadat"]
[Result "1-0"]
[WhiteTitle "GM"]
[BlackTitle "IM"]
[WhiteElo "2429"]
[BlackElo "2494"]
[WhiteFideId "2012782"]
[BlackFideId "12512214"]
[EventDate "2020.07.15"]
[EventType "k.o. blitz"]

1. d4 d5 2. c4 e6 3. Nc3 Bb4 4. a3 Bxc3+ 5. bxc3 c6 6. e3 Nf6 7. cxd5 cxd5 8. c4
b6 9. cxd5 exd5 10. Bb5+ Bd7 11. Bd3 O-O 12. Nf3 Bc8 13. Qe2 a5 14. a4 Ba6 15.
Ba3 Re8 16. Bb5 Bxb5 17. Qxb5 Qd7 18. Qb3 Nc6 19. O-O Ne4 20. Rfc1 Rab8 21. Rc2
Nd8 22. Qb5 Qxb5 23. axb5 f6 24. Rac1 Ne6 25. Rc6 Kf7 26. Kf1 Rb7 27. Ke2 Rd8
28. Nd2 Nxd2 29. Kxd2 Ng5 30. f3 Ne6 31. Kd3 Rdd7 32. g3 Rbc7 33. Rxb6 Rxc1 34.
Bxc1 Rc7 35. Rc6 Rxc6 36. bxc6 Ke7 37. Ba3+ Kd8 38. e4 dxe4+ 39. fxe4 Kc7 40. d5
Ng5 41. Kd4 Nf3+ 42. Kc5 Ne5 43. d6+ Kc8 44. Kd5 a4 45. Bb2 Nd3 46. Bc3 a3 47.
d7+ Kc7 48. Ba5+ Kb8 49. d8=Q+ 1-0

[Event "Women's Speed Chess GP4"]
[Site "chess.com INT"]
[Date "2020.07.15"]
[Round "1.11"]
[White "Khademalsharieh, Sarasadat"]
[Black "Krush, Irina"]
[Result "1-0"]
[WhiteTitle "IM"]
[BlackTitle "GM"]
[WhiteElo "2494"]
[BlackElo "2429"]
[WhiteFideId "12512214"]
[BlackFideId "2012782"]
[EventDate "2020.07.15"]
[EventType "k.o. blitz"]

1. d4 d5 2. Nf3 Nf6 3. e3 e6 4. Bd3 c5 5. c3 Nc6 6. Nbd2 Bd6 7. O-O O-O 8. dxc5
Bxc5 9. e4 dxe4 10. Nxe4 Nxe4 11. Bxe4 Qxd1 12. Rxd1 f6 13. Be3 Be7 14. Bxc6
bxc6 15. Nd4 f5 16. Nxc6 Bf6 17. Bd4 Bb7 18. Na5 Bd5 19. Bxf6 gxf6 20. c4 Be4
21. f3 Bc2 22. Rd2 Ba4 23. b3 Be8 24. c5 f4 25. c6 Rc8 26. Rc1 Rf7 27. b4 Rfc7
28. b5 e5 29. Nc4 Bf7 30. Nd6 Rd8 31. Rcd1 a6 32. a4 axb5 33. axb5 Ra7 34. Nxf7
Rxd2 35. Rxd2 Kxf7 36. b6 Ra1+ 37. Kf2 Rc1 38. c7 1-0

[Event "Women's Speed Chess GP4"]
[Site "chess.com INT"]
[Date "2020.07.16"]
[Round "2.1"]
[White "Hou, Yifan"]
[Black "Abdumalik, Zhansaya"]
[Result "1/2-1/2"]
[WhiteTitle "GM"]
[BlackTitle "IM"]
[WhiteElo "2658"]
[BlackElo "2478"]
[WhiteFideId "8602980"]
[BlackFideId "13703544"]
[EventDate "2020.07.15"]
[EventType "k.o. blitz"]

1. e4 e5 2. Nf3 Nc6 3. Bb5 a6 4. Ba4 Nf6 5. O-O Be7 6. Re1 b5 7. Bb3 O-O 8. d3
Bb7 9. c3 d6 10. a4 Na5 11. Ba2 c5 12. Na3 Qb6 13. Be3 Ng4 14. Bd2 c4 15. d4
Rfe8 16. h3 Nf6 17. d5 Nd7 18. Be3 Nc5 19. Nd2 Bc8 20. b4 cxb3 21. Nxb3 Naxb3
22. Bxb3 Bd7 23. Bc2 Qc7 24. axb5 axb5 25. Qe2 Reb8 26. Bd3 Ra5 27. Nc2 Na4 28.
Qd2 Nxc3 29. Rxa5 Qxa5 30. Ra1 Qc7 31. Ra7 Qc8 32. Rxd7 Nb1 33. Qb4 Qxd7 34.
Qxb1 b4 35. Nxb4 Qa4 36. Bd2 h6 37. Qe1 Bg5 38. Bxg5 hxg5 39. Nc6 Rb2 40. Qc1
Qb3 41. Bc4 Rb1 42. Bxb3 Rxc1+ 43. Kh2 Re1 44. f3 Kf8 45. Kg3 f6 46. Bc4 g6 47.
Kf2 Rc1 48. Be2 Ra1 49. g3 Kf7 50. Ke3 Ra3+ 51. Kf2 Ra1 52. h4 gxh4 53. gxh4 Ra2
54. Ke3 Ra3+ 55. Kf2 Ra2 56. Nb4 Rb2 57. Nd3 Ra2 58. Ke3 Ra1 59. Kf2 Ra2 60. Ne1
Rb2 61. Ng2 f5 62. exf5 gxf5 63. f4 exf4 64. Nxf4 Kf6 65. Ke3 Rb3+ 66. Kf2 Rb4
67. Ke3 Re4+ 68. Kf3 Ra4 69. Bd3 Ra3 70. h5 Kg5 71. Ke3 Ra4 72. Ne6+ Kxh5 73.
Ng7+ Kg5 74. Nxf5 Ra5 75. Kd4 Ra4+ 76. Ke3 Ra5 77. Be4 Ra3+ 78. Kd4 Ra4+ 79. Ke3
Ra3+ 80. Ke2 Ra2+ 81. Kd3 Ra3+ 82. Kd4 Ra4+ 83. Ke3 Ra3+ 1/2-1/2

[Event "Women's Speed Chess GP4"]
[Site "chess.com INT"]
[Date "2020.07.16"]
[Round "2.2"]
[White "Abdumalik, Zhansaya"]
[Black "Hou, Yifan"]
[Result "0-1"]
[WhiteTitle "IM"]
[BlackTitle "GM"]
[WhiteElo "2478"]
[BlackElo "2658"]
[WhiteFideId "13703544"]
[BlackFideId "8602980"]
[EventDate "2020.07.15"]
[EventType "k.o. blitz"]

1. e4 c5 2. Nf3 d6 3. d4 cxd4 4. Nxd4 Nf6 5. Nc3 a6 6. h3 e6 7. g4 b5 8. Bg2 Bb7
9. g5 Nfd7 10. O-O Nc6 11. Re1 Be7 12. Nxc6 Bxc6 13. Qd4 O-O 14. b3 Bxg5 15.
Qxd6 Rc8 16. Bxg5 Qxg5 17. Re3 Rfd8 18. f4 Qf6 19. Rf1 Nf8 20. Qb4 Qh6 21. Ne2
Ng6 22. Rd3 Nh4 23. Bh1 Qg6+ 24. Kh2 Re8 25. Rg1 Qh5 26. Qe1 Ba8 27. c3 f5 28.
Rg5 Qh6 29. Ng3 Ng6 30. Qf2 fxe4 31. Bxe4 Bxe4 32. Nxe4 Rf8 33. Rf3 Qh4 34. Qxh4
Nxh4 35. Rf2 Ng6 0-1

[Event "Women's Speed Chess GP4"]
[Site "chess.com INT"]
[Date "2020.07.16"]
[Round "2.3"]
[White "Hou, Yifan"]
[Black "Abdumalik, Zhansaya"]
[Result "0-1"]
[WhiteTitle "GM"]
[BlackTitle "IM"]
[WhiteElo "2658"]
[BlackElo "2478"]
[WhiteFideId "8602980"]
[BlackFideId "13703544"]
[EventDate "2020.07.15"]
[EventType "k.o. blitz"]

1. e4 e5 2. Nf3 Nc6 3. Bc4 Nf6 4. d3 Be7 5. O-O d6 6. c3 O-O 7. Bb3 Be6 8. Bc2
Qd7 9. Re1 Rfe8 10. Nbd2 Bf8 11. d4 Bg4 12. h3 Bh5 13. d5 Ne7 14. Nf1 c6 15. Bg5
cxd5 16. Bxf6 gxf6 17. Ng3 Bg6 18. Nh4 dxe4 19. Nxe4 Bg7 20. Nxd6 Bxc2 21. Qxc2
Qxd6 22. Re3 Rad8 23. Rg3 Qd2 24. Qe4 Ng6 25. Nf5 Qf4 26. Qb1 e4 27. Ne3 Rd2 28.
Qe1 Rxb2 29. Rd1 f5 30. Rd7 Qe5 31. Nc4 Qb5 0-1

[Event "Women's Speed Chess GP4"]
[Site "chess.com INT"]
[Date "2020.07.16"]
[Round "2.4"]
[White "Abdumalik, Zhansaya"]
[Black "Hou, Yifan"]
[Result "1-0"]
[WhiteTitle "IM"]
[BlackTitle "GM"]
[WhiteElo "2478"]
[BlackElo "2658"]
[WhiteFideId "13703544"]
[BlackFideId "8602980"]
[EventDate "2020.07.15"]
[EventType "k.o. blitz"]

1. e4 c5 2. Nf3 d6 3. d4 cxd4 4. Nxd4 Nf6 5. Nc3 a6 6. h3 e6 7. g4 b5 8. Bg2 Bb7
9. a3 Nfd7 10. b3 Nc6 11. Bb2 Rc8 12. O-O Nxd4 13. Qxd4 h5 14. gxh5 Rxh5 15. a4
bxa4 16. Nxa4 Rg5 17. c4 Nf6 18. Rae1 e5 19. Qd3 Nh5 20. Bc1 Rg6 21. Kh2 Be7 22.
Bf3 Nf4 23. Bxf4 exf4 24. Rg1 Rxg1 25. Rxg1 Bf6 26. e5 Bxe5 27. Bxb7 f3+ 28. Kh1
Qh4 29. Qxf3 Rb8 30. Rg4 Qe7 31. Bc6+ Kf8 32. Kg2 g5 33. Qf5 Rxb3 34. Qxg5 Qxg5
35. Rxg5 Rb4 36. c5 Bf4 37. Rf5 dxc5 38. Nxc5 Bd6 39. Ne4 1-0

[Event "Women's Speed Chess GP4"]
[Site "chess.com INT"]
[Date "2020.07.16"]
[Round "2.5"]
[White "Hou, Yifan"]
[Black "Abdumalik, Zhansaya"]
[Result "1-0"]
[WhiteTitle "GM"]
[BlackTitle "IM"]
[WhiteElo "2658"]
[BlackElo "2478"]
[WhiteFideId "8602980"]
[BlackFideId "13703544"]
[EventDate "2020.07.15"]
[EventType "k.o. blitz"]

1. e4 e5 2. Nf3 Nc6 3. Bb5 a6 4. Ba4 Nf6 5. O-O Be7 6. Re1 b5 7. Bb3 O-O 8. d3
d6 9. c3 Bb7 10. Nbd2 Na5 11. Bc2 c5 12. Nf1 h6 13. h3 Bc8 14. Ng3 Nc6 15. d4
cxd4 16. cxd4 Qc7 17. d5 Nb4 18. Bb1 a5 19. a3 Na6 20. b4 Bd7 21. Bd2 axb4 22.
axb4 Rfc8 23. Qe2 Qb7 24. Bd3 Nc7 25. Be3 Ra4 26. Qb2 Rca8 27. Nd2 Qa6 28. Rxa4
Qxa4 29. Rc1 Nfe8 30. Bb6 Qa2 31. Qxa2 Rxa2 32. Nb1 Na6 33. Nc3 Ra3 34. Ba5 Bg5
35. Rc2 Nec7 36. Be2 g6 37. Nf1 h5 38. Nb1 Ra1 39. Nbd2 Ne8 40. g3 f5 41. h4 Bh6
42. Bd3 Ra3 43. Be2 fxe4 44. Nxe4 Bf5 45. f3 Bxe4 46. fxe4 Nf6 47. Rc8+ Kh7 48.
Bxb5 Nxb4 49. Bxb4 Rb3 50. Bxd6 Rxb5 51. Bxe5 Bg7 52. Rc7 Ne8 53. Re7 1-0

[Event "Women's Speed Chess GP4"]
[Site "chess.com INT"]
[Date "2020.07.16"]
[Round "2.6"]
[White "Abdumalik, Zhansaya"]
[Black "Hou, Yifan"]
[Result "0-1"]
[WhiteTitle "IM"]
[BlackTitle "GM"]
[WhiteElo "2478"]
[BlackElo "2658"]
[WhiteFideId "13703544"]
[BlackFideId "8602980"]
[EventDate "2020.07.15"]
[EventType "k.o. blitz"]

1. e4 c5 2. Nf3 e6 3. d4 cxd4 4. Nxd4 Nc6 5. Nc3 d6 6. Be3 a6 7. Bd3 Nf6 8. O-O
Qc7 9. f4 Nxd4 10. Bxd4 e5 11. Be3 Be7 12. Kh1 b5 13. a3 Bb7 14. Qf3 O-O 15.
Rae1 exf4 16. Bxf4 Nd7 17. Nd5 Bxd5 18. exd5 Bf6 19. c3 Be5 20. Bg5 Nc5 21. Bc2
g6 22. Rf2 f5 23. Rfe2 Rae8 24. Bf4 Nd7 25. a4 Qd8 26. axb5 Bxf4 27. Qxf4 Rxe2
28. Rxe2 Qb6 29. Re7 Qxb5 30. h3 Ne5 31. Qh6 Nf7 32. Qe3 Qxb2 33. Bd1 Qb1 34.
Qe1 Ne5 35. Kh2 Rf7 36. Re8+ Kg7 37. Qd2 f4 0-1